MARC details
| 000 -LEADER |
| fixed length control field |
01748cam a2200325 i 4500 |
| 001 - CONTROL NUMBER |
| control field |
17429746 |
| 003 - CONTROL NUMBER IDENTIFIER |
| control field |
OSt |
| 005 - DATE AND TIME OF LATEST TRANSACTION |
| control field |
20250420134813.0 |
| 008 - FIXED-LENGTH DATA ELEMENTS--GENERAL INFORMATION |
| fixed length control field |
120814s2013 enka b 001 0 eng |
| 010 ## - LIBRARY OF CONGRESS CONTROL NUMBER |
| LC control number |
2012032874 |
| 020 ## - INTERNATIONAL STANDARD BOOK NUMBER |
| International Standard Book Number |
9780521618557 (paperback) |
| 040 ## - CATALOGING SOURCE |
| Original cataloging agency |
DLC |
| Language of cataloging |
eng |
| Transcribing agency |
KCST |
| 050 00 - LIBRARY OF CONGRESS CALL NUMBER |
| Classification number |
QB361 |
| Item number |
.L57 2013 |
| 082 00 - DEWEY DECIMAL CLASSIFICATION NUMBER |
| Classification number |
523.98 |
| Edition information |
23 |
| Item number |
Li Fu |
| 100 1# - MAIN ENTRY--PERSONAL NAME |
| Personal name |
Lissauer, Jack Jonathan. |
| 9 (RLIN) |
4726 |
| 245 10 - TITLE STATEMENT |
| Title |
Fundamental planetary science |
| Remainder of title |
physics, chemistry, and habitability / |
| Statement of responsibility, etc. |
Jack Lissauer, NASA Ames Research Center and Imke de Pater, University of California, Berkeley, and delft University of Technology. |
| 260 ## - PUBLICATION, DISTRIBUTION, ETC. |
| Place of publication, distribution, etc. |
New York, NY, USA : |
| Name of publisher, distributor, etc. |
Cambridge University Press, |
| Date of publication, distribution, etc. |
2013. |
| 300 ## - PHYSICAL DESCRIPTION |
| Extent |
xiv, 583 pages, 32 unnumbered pages of plates : |
| Other physical details |
illustrations (some color) ; |
| Dimensions |
25 cm |
| 504 ## - BIBLIOGRAPHY, ETC. NOTE |
| Bibliography, etc. note |
Includes bibliographical references (pages 553-560) and index. |
| 505 8# - FORMATTED CONTENTS NOTE |
| Formatted contents note |
Machine generated contents note: 1. Introduction; 2. Dynamics; 3. Solar heating and energy transport; 4. Planetary atmospheres; 5. Planetary surfaces; 6. Planetary interiors; 7. Magnetic fields and plasmas; 8. Meteorites; 9. Minor planets; 10. Comets; 11. Planetary rings; 12. Extrasolar planets; 13. Planet formation; 14. Planets and life; Index. |
| 520 ## - SUMMARY, ETC. |
| Summary, etc. |
"A quantitative, broad-based introduction to planetary systems science for advanced undergraduate students, including planet formation, extrasolar planets, and planetary habitability"-- |
| Assigning source |
Provided by publisher. |
| 650 #0 - SUBJECT ADDED ENTRY--TOPICAL TERM |
| Topical term or geographic name entry element |
Planetary theory. |
| 9 (RLIN) |
4727 |
| 650 #0 - SUBJECT ADDED ENTRY--TOPICAL TERM |
| Topical term or geographic name entry element |
Planets |
| General subdivision |
Geology. |
| 9 (RLIN) |
4728 |
| 650 #0 - SUBJECT ADDED ENTRY--TOPICAL TERM |
| Topical term or geographic name entry element |
Planets |
| General subdivision |
Atmospheres. |
| 9 (RLIN) |
4729 |
| 650 #0 - SUBJECT ADDED ENTRY--TOPICAL TERM |
| Topical term or geographic name entry element |
Planetary rings. |
| 9 (RLIN) |
4730 |
| 650 #7 - SUBJECT ADDED ENTRY--TOPICAL TERM |
| Topical term or geographic name entry element |
SCIENCE / Astronomy. |
| Source of heading or term |
bisacsh |
| 9 (RLIN) |
4731 |
| 700 1# - ADDED ENTRY--PERSONAL NAME |
| Personal name |
De Pater, Imke, |
| Dates associated with a name |
1952- |
| 9 (RLIN) |
4732 |
| 942 ## - ADDED ENTRY ELEMENTS (KOHA) |
| Koha item type |
Book |
| 942 ## - ADDED ENTRY ELEMENTS (KOHA) |
| Source of classification or shelving scheme |
Dewey Decimal Classification |